College Quizbowl Stats
College Quizbowl Stats
Circuits
Seasons
Sets
Records
Detailed Stats
About
Loading...
2024 ACF Winter at Oxford
Tossups
Bonuses
Players
Teams
Categories (Tossup)
Categories (Bonus)
Lucy Dennett
Warwick B
Categories
Category
Powers
Gets
Negs
BBs
Points
Earliest Buzz
Avg. Buzz
First Buzzes
Top 3 Buzzes
Mythology
0
3
0
0
30
30
79.33
1
1
Literature - British Literature
0
1
0
0
10
110
110.00
0
0
Literature - European Literature
0
1
0
0
10
104
104.00
0
1
Religion
0
1
0
1
10
126
126.00
0
0
Buzzes
Category
Answer
Value
Buzz Position
Mythology
Persephone
10
30
Mythology
Hecate
10
93
Literature - European Literature
Les Misérables
10
104
Literature - British Literature
Virginia Woolf
10
110
Mythology
werewolves
10
115
Religion
anointing
10
126
Previous
1
Next